书目信息 |
| 题名: |
创刊号风景
|
|
| 作者: | 谢其章 著 ;王燕来 主编 | |
| 分册: | ||
| 出版信息: | 北京 北京图书馆出版社 2003 |
|
| 页数: | 211页 | |
| 开本: | 23cm | |
| 丛书名: | ||
| 单 册: | ||
| 中图分类: | G239.29 | |
| 科图分类: | ||
| 主题词: | 期刊--中国 | |
| 电子资源: | ||
| ISBN: | 7-5013-2135-3 | |
| 000 | 00761nam0 2200229 45 | |
| 001 | 002428251 | |
| 005 | 20050329144514.8 | |
| 010 | @a7-5013-2135-3@dCNY35.00 | |
| 100 | @a20030812d2003 em y0chiy0110 ea | |
| 101 | 0 | @achi |
| 102 | @aCN@b110000 | |
| 105 | @aa z 000yy | |
| 200 | 1 | @a创刊号风景@Achuang kan hao feng jing@f谢其章著@FXie Qi Zhang Zhu@g王燕来主编 |
| 210 | @a北京@c北京图书馆出版社@d2003 | |
| 215 | @a211页@c彩图@d23cm | |
| 330 | @a本书内含近80本书籍的创刊号。即一曲新词酒一杯——《词学季刊》、胡山源沏的一杯《红茶》、有名皆自无名来——《无名文艺月刊》等。 | |
| 606 | 0 | @a期刊@y中国 |
| 690 | @aG239.29@v4 | |
| 701 | 0 | @a谢其章@4著 |
| 702 | 0 | @a王燕来@Awang yan lai@4主编 |
| 801 | 0 | @aCN@bNLC@c20031111 |
| 905 | @f5@b346679-683@dG239.29@e33 | |
| 创刊号风景/谢其章著/王燕来主编.-北京:北京图书馆出版社,2003 |
| 211页:彩图;23cm |
| ISBN 7-5013-2135-3:CNY35.00 |
| 本书内含近80本书籍的创刊号。即一曲新词酒一杯——《词学季刊》、胡山源沏的一杯《红茶》、有名皆自无名来——《无名文艺月刊》等。 |
| ● |
| 相关链接 |
|
|
|
|
正题名:创刊号风景
索取号:G239.29/33
 
预约/预借
| 序号 | 登录号 | 条形码 | 馆藏地/架位号 | 状态 | 备注 |
| 1 | 0346679 | 203466793 | 第一样本阅览室/ [索取号:G239.29/33] | 在馆 | |
| 2 | 0346680 | 203466800 | 第四借阅区/ [索取号:G239.29/33] | 在馆 | |
| 3 | 0346681 | 203466819 | 第四借阅区/ [索取号:G239.29/33] | 在馆 | |
| 4 | 0346682 | 203466828 | 第四借阅区/ [索取号:G239.29/33] | 在馆 | |
| 5 | 0346683 | 203466837 | 第四借阅区/ [索取号:G239.29/33] | 在馆 |